000 01131cam a22002771i 4500
003 SA-RiAUC
005 20240917070706.0
008 240916s1985____su g b 00000 ara c
040 _aKW-KcNLK
_bara
_cSA-RiAUC
_erda
043 _aa-su---
082 0 4 _a371.03
_qSA-RiAUC
_bم ق ا
090 _a371.03
_bم ق ا
100 1 _aمقادمي، فيصل عبد الله عابد،
_d1375 هجري-
_eمؤلف.
245 1 2 _aالتعليم الأهلي للبنين في مكة المكرمة :
_bتنظيمه والإشراف عليه /
_cتأليف فيصل عبد الله مقادمي.
250 _aالطبعة الأولى.
264 1 _aمكة المكرمة :
_bنادي مكة الثقافي،
_c1985
300 _a298 صفحة ؛
_c25 سم
336 _aنص
_btxt
_2rdacontent
_3كتاب
337 _aبدون وسيط
_bn
_2rdamedia
338 _aمجلد
_bnc
_2rdacarrier
500 _aملاحق : صفحة 251-285.
504 _aببليوجرافية : صفحة 289-298.
650 7 _aالتعليم الخاص
_zمكة المكرمة
_2aucsh
942 _2ddc
_cBOOK
949 _aSA-JeALM
_d240916
_umohamedma123
_n1
999 _c354
_d354